Statystyki dla Co morderca pozostawia na miejscu zbrodni

Kliknij tutaj aby rozwiązać quiz!

Ogólne statystyki

  • Ten quiz został rozwiązany 52 razy
  • Średni wynik to 3 z 6

Statystyki odpowiedzi

Odpowiedź% Poprawnych
Odciski palców
81%
Krew
75%
Narzędzie zbrodni
52%
Włos
48%
Zwłoki
21%
Ślady butów
19%

Rozkład punktacji

Percentyl według liczby udzielonych odpowiedzi

Procent ludzi z każdym wynikiem

Twoja historia wyników

Nie rozwiązałeś tego quizu